书目信息 |
| 题名: |
生物显微技术
|
|
| 作者: | 郑国閟 , 郑国錩 主编 | |
| 分册: | ||
| 出版信息: | 北京 人民教育出版社 1978 |
|
| 页数: | 300页 | |
| 开本: | 19cm | |
| 丛书名: | ||
| 单 册: | ||
| 中图分类: | Q-336 , Q336 | |
| 科图分类: | ||
| 主题词: | 生物学-显微术--高等学校--教学参考资料 , 显微术-生物学--高等学校--教学参考资料 | |
| 电子资源: | ||
| ISBN: | ||
| 000 | 00799nam0 2200277 45 | |
| 001 | 0178005651 | |
| 005 | 20061123084235.87 | |
| 010 | @dCNY0.98 | |
| 091 | @a14012.018 | |
| 100 | @a19950727d1978 em y0chiy0121 ea | |
| 101 | 0 | @achi |
| 102 | @aCN@b110000 | |
| 105 | @ay z 000yy | |
| 106 | @ar | |
| 200 | 10 | @a生物显微技术@Asheng wu xian wei ji shu@f郑国錩主编@Fzheng guo chang zhu bian |
| 210 | @a北京@c人民教育出版社@d1978 | |
| 215 | @a300页@d19cm | |
| 300 | @a高等学校教学参考书 | |
| 606 | @a生物学-显微术@x高等学校@x教学参考资料 | |
| 606 | @a显微术-生物学@x高等学校@x教学参考资料 | |
| 690 | @aQ-336@v3 | |
| 690 | @aQ336 | |
| 701 | 0 | @a郑国閟@Azheng guo chang@4主编 |
| 701 | 0 | @a郑国錩@Azheng guo chang@4主编 |
| 801 | 0 | @aCN@bNLC@c20061123 |
| 905 | @f1@b7125@f1@b7127@dQ-336@e1 | |
| 生物显微技术/郑国錩主编.-北京:人民教育出版社,1978 |
| 300页;19cm |
| 高等学校教学参考书 |
| ISBN :CNY0.98 |
| ● |
| 相关链接 |
|
|
|
|
正题名:生物显微技术
索取号:Q-336/1
 
预约/预借
| 序号 | 登录号 | 条形码 | 馆藏地/架位号 | 状态 | 备注 |
| 1 | 0007123 | 000624140 | 第二样本阅览室/ [索取号:Q-336/1] | 在馆 | |
| 2 | 0007125 | 000624159 | 第三借阅区/ [索取号:Q-336/1] | 在馆 | |
| 3 | 0007127 | 001929783 | 第三借阅区/ [索取号:Q-336/1] | 在馆 |